Normal view MARC view
  • Ciudad de México

Entry Nombre Geográfico

Number of records used in: 5

001 - NÚMERO DE CONTROL

  • campo de control: 4587

003 - IDENTIFICADOR DE NUMERO DE CONTROL

  • campo de control: MX-MxUPN

005 - FECHA Y HORA DE LA ÜLTIMA TRANSACCIÓN

  • campo de control: 20230606113242.0

008 - DATOS DE LONGITUD FIJA

  • campo de control de longitud fija: 230606n||acnnnbabn | ana |d

035 ## - NÚMERO DE CONTROL

  • Número de control: UPN10000004587

040 ## - FUENTE DE CATALOGACIÓN

  • Agencia de catalogación original: MX-MxUPN
  • Lenguaje de catalogación: spa
  • Agencia de transcripción: MX-MxUPN

151 ## - ENCABEZAMIENTO - NOMBRE GEOGRÁFICO

  • Nombre geográfico: Ciudad de México
  • Subdivisión general : Edificios públicos

670 ## - FUENTE EN LA QUE SE LOCALIZARON DATOS

  • Cita de la fuente: E

902 ## - CATALOGADOR

  • Catalogador: BDV/230806